000 00683nam a2200289Ia 4500
005 20260324141108.0
008 008 260324s9999 xx 000 0 eng d
020 _a9781315841717
037 _aEBOOK
040 _aCRL
040 _beng
040 _cCRL
041 _2eng
041 _aeng
084 _qCRL
100 _aEric Blyth; Judith Milner
_91203007
245 0 _aSocial Work with Children
245 4 _bThe Educational Perspective
260 _bTaylor and Francis
260 _c1997
365 _a
365 _b300
856 _uhttp://www.taylorfrancis.com/books/9781315841717
942 _cEBOOK
999 _c1809640
_d1809640